LEADER 01273nam 2200349Ia 450 001 996387981803316 005 20221102114203.0 035 $a(CKB)1000000000629191 035 $a(EEBO)2264216281 035 $a(OCoLC)07952952 035 $a(EXLCZ)991000000000629191 100 $a19811124d1668 uy | 101 0 $aeng 135 $aurbn||||a|bb| 200 02$aA Catholicks resolution, or, A serious enquiry whether it be better to turn Independent, Presbyterian, Romane? or continue what I am, Catholick?$b[electronic resource] $ein matter of religion 210 $aLondon $c[s.n.]$dPrinted Anno Dom. 1668 215 $a16 p 300 $aReproduction of original in the Union Theological Seminary Library, New York. 330 $aeebo-0160 606 $aFaith and reason 606 $aApologetics$vEarly works to 1800 606 $aApologetics$xHistory$y17th century 615 0$aFaith and reason. 615 0$aApologetics 615 0$aApologetics$xHistory 801 0$bUMI 801 1$bUMI 801 2$bWaOLN 906 $aBOOK 912 $a996387981803316 996 $aA Catholicks resolution, or, A serious enquiry whether it be better to turn Independent, Presbyterian, Romane? or continue what I am, Catholick$92328634 997 $aUNISA LEADER 01267nam 2200337z- 450 001 9910689666903321 005 20161209103032.0 035 $a(CKB)5860000000035331 035 $a(BIP)009115320 035 $a(EXLCZ)995860000000035331 100 $a20220406c2003uuuu -u- - 101 0 $aeng 200 10$aTravel and tourism in America today $ehearing before the Subcommittee on Commerce, Trade, and Consumer Pretection of the Committee on Energy and Commerce, House of Representatives, One Hundred Eighth Congress, first session, April 30, 2003 215 $a1 online resource (iii, 119 p.) $cill 311 $a0-16-070518-5 517 $aTravel and Tourism in America Today 606 $aTourism$xGovernment policy$zUnited States 606 $aAmusement rides$zUnited States$xSafety measures 606 $aSpinal cord$xWounds and injuries$zUnited States 610 $aTourism 610 $aAmusement rides 610 $aSpinal cord 610 $aBusiness & economics 610 $aMedical 615 0$aTourism$xGovernment policy 615 0$aAmusement rides$xSafety measures. 615 0$aSpinal cord$xWounds and injuries 906 $aBOOK 912 $a9910689666903321 996 $aTravel and tourism in America today$93099320 997 $aUNINA